| 000 | 00568nam a2200241Ia 4500 | ||
|---|---|---|---|
| 008 | 210210b2012 xxu||||| |||| 00| 0 eng d | ||
| 020 | _a9781471101038 | ||
| 041 | _aeng | ||
| 082 | _a943.0874 NEIS | ||
| 100 | _aNEITZEL (Sonke) | ||
| 245 |
_aSoldaten _bOn fighting, killing and dying |
||
| 260 |
_aLondon _bSimon & Schuster _c2012 |
||
| 300 | _ax,437 | ||
| 650 | _aSoldaten | ||
| 650 | _aOn | ||
| 650 | _akilling | ||
| 650 | _afighting, | ||
| 650 | _adying | ||
| 650 | _aand | ||
| 690 | _aWorld History | ||
| 700 | _aWELZER (Harald) | ||
| 906 | _a067261 | ||
| 999 |
_c149608 _d149608 |
||